000 00451nam a2200181Ia 4500
001 8280
005 20260306160557.0
008 260306t2005||||xx |||||||||||||| ||spa||
041 _aESP
082 _a370.1523
_bL86
100 _aLopera E. Egidio
_eAUT
245 0 _aEscritos sobre aprendizaje, enseñanza y diversidad cultural
260 _c2005
300 _a237 páginas :
_ccm.
650 _aGEN
654 _aCED
942 _cLIB
_dJUS
_fJUS
_2ddc
_n
999 _c8280
_d8280